Des mots terminant en C - Statistiques

Statistiques générales
  • Ce quiz a été pris 156 fois
  • Le résultat moyen est 51 sur 109
Statistiques - réponses
Définition
Nbre de
lettres
Initiale Mot % Correct
Bouche d'oiseau 3 B Bec
98%
Stylo bille 3 B Bic
98%
Examen 3 B Bac
96%
Université 3 F Fac
96%
Noble 3 D Duc
95%
Etendue d'eau 3 L Lac
95%
Homme 3 M Mec
95%
Sommet 3 P Pic
95%
Pierre 3 R Roc
95%
Bagage 3 S Sac
95%
Plus humide 3 S Sec
95%
Arme 3 A Arc
93%
Manie 3 T Tic
88%
Mâle de la chèvre 4 B Bouc
87%
Jus de viande 3 S Suc
86%
Trouble 3 T Toc
83%
Voile 3 F Foc
81%
Textuellement 3 S Sic
79%
Extrémité de la charrue 3 S Soc
79%
Agent de police 4 F Flic
75%
Cochon 4 P Porc
75%
Appui sur la souris 4 C Clic
74%
Gale 3 T Tac
74%
Métal 4 Z Zinc
73%
Siège 4 B Banc
72%
Soulève le véhicule 4 C Cric
72%
Machin 4 T Truc
72%
Argent 4 F Fric
70%
Elégant 4 C Chic
69%
Ancienne monnaie 5 F Franc
68%
Reste de café 4 M Marc
68%
Jardin 4 P Parc
67%
Corps de l'arbre 5 T Tronc
67%
Lit suspendu 5 H Hamac
66%
Couleur 5 B Blanc
65%
Contient de la nicotine 5 T Tabac
65%
Ottoman 4 T Turc
65%
Pas religieux 4 L Laïc
64%
Dent 4 C Croc
61%
Roseau 4 J Jonc
60%
Peur 4 T Trac
59%
Poudre 4 T Talc
58%
Défaite 5 E Echec
57%
Heurt 4 C Choc
56%
Conclusion médicale 10 D Diagnostic
56%
Non emballé 4 V Vrac
54%
Parfum 4 M Musc
53%
Immeuble 4 B Bloc
51%
Ver 7 L Lombric
51%
Bruit 4 C Crac
50%
Côté 5 F Flanc
47%
Hellène 4 G Grec
47%
Plante aromatique 7 B Basilic
46%
Film biographique 6 B Biopic
45%
Pot 4 B Broc
45%
Animal 6 F Fennec
45%
Vipère 5 A Aspic
43%
Versant ombragé 4 U Ubac
42%
Pont 6 V Viaduc
42%
Poison 7 A Arsenic
41%
Campement 7 B Bivouac
41%
Nombril 7 O Ombilic
40%
Organe 7 E Estomac
37%
Vagues 6 R Ressac
37%
Transporte l'eau 7 A Aqueduc
35%
Habit monacal 4 F Froc
35%
Habit 4 F Frac
34%
Plâtre 4 S Stuc
32%
Distillateur 7 A Alambic
31%
Déchirure 6 A Accroc
30%
Alcool 6 C Cognac
30%
Truand 6 E Escroc
30%
Produit de l'hévéa 10 C Caoutchouc
29%
Noble autrichien 8 A Archiduc
26%
Partie de piste 6 T Tarmac
26%
Région viticole 5 M Médoc
23%
Alcool 8 A Armagnac
22%
Gros tuyau 7 O Oléoduc
22%
Ciment 6 M Mastic
21%
Prévision 9 P Pronostic
20%
Guide d'éléphant 6 C Cornac
19%
Grosse canalisation 7 G Gazoduc
19%
Soda 5 T Tonic
19%
Pointe 5 E Estoc
18%
Amuseur 7 L Loustic
18%
Balourd 5 P Plouc
18%
Visible de tous 6 P Public
17%
Ruban 6 B Bolduc
16%
Politesse exagérée 9 S Salamalec
15%
Trésor 4 F Fisc
14%
Apéritif 4 F Floc
14%
Explosif 7 P Plastic
13%
Sport 7 A Aérobic
12%
Loupé 5 C Couac
10%
Ressort 6 D Déclic
10%
Négoce 6 T Trafic
10%
Lourdingue 6 M Mastoc
9%
Jeu 8 T Trictrac
9%
Sac à dos 8 H Havresac
8%
Tonsuré 5 C Clerc
7%
Aiguille de glace 5 S Sérac
7%
Arbrisseau 5 S Sumac
7%
Partie de fusil 4 B Busc
6%
Représentant 6 S Syndic
6%
Thérapie 11 E Electrochoc
5%
Epineux 5 A Ajonc
3%
Intrigue 6 M Micmac
2%
Pont de navire 6 T Tillac
2%
Coup heureux 7 R Raccroc
0%
Aucun quiz correspondant
Distribution des résultats
% des personnes avec chaque résultat
Percentile par nombre de réponses
Votre historique - résultats
Vous n’avez pas pris ce quiz